[Event "9. LGA Premium Cup 2012"]
[Site "Nürnberg"]
[Date "2012.09.09"]
[Round "7.25"]
[White "Graf, Felix"]
[Black "Kvetny, Mark"]
[Result "1-0"]
[WhiteElo "2449"]
[BlackElo "2245"]
[PlyCount "49"]
[EventDate "2012.??.??"]
[WhiteTeam "FC Bayern München e.V."]
[BlackTeam "Stuttgarter SF 1879"]

1. d4 Nf6 2. Nf3 c5 3. d5 e6 4. c4 b5 5. Bg5 exd5 6. cxd5 d6 7. e4 a6 8. Nbd2
Be7 9. Bf4 O-O 10. a4 b4 11. Bd3 a5 12. O-O Ba6 13. Qe2 Re8 14. Rfe1 Bf8 15.
Bxa6 Nxa6 16. Qd3 g6 17. h3 Nd7 18. Nc4 Nb6 19. Nfd2 b3 20. Qxb3 Rb8 21. Qg3
Nxc4 22. Nxc4 Rb4 23. b3 Qf6 24. Rad1 Reb8 25. Rd3 1-0

[Event "9. LGA Premium Cup 2012"]
[Site "Nürnberg"]
[Date "2012.09.09"]
[Round "7.26"]
[White "Pähtz, Thomas"]
[Black "Promyshlyanskyy, Vitaliy"]
[Result "1-0"]
[WhiteElo "2430"]
[BlackElo "2245"]
[PlyCount "85"]
[EventDate "2012.??.??"]
[WhiteTeam "ESV Lok Sömmerda"]
[BlackTeam "SC Noris-Tarrasch Nürnberg 1873"]

1. e4 Nc6 2. Nf3 e5 3. Bc4 Nf6 4. d3 Bc5 5. c3 a6 6. h3 Ba7 7. Bb3 d6 8. Nbd2
Be6 9. Bc2 h6 10. Nf1 d5 11. Qe2 d4 12. Ng3 Qd6 13. O-O O-O-O 14. c4 g5 15. Nh2
Bxc4 16. Qf3 Nb4 17. Bb1 Bxd3 18. Bxd3 c5 19. Bd2 Nxd3 20. Qxd3 Kb8 21. b3 Rd7
22. Rfc1 b5 23. a4 Rb7 24. axb5 axb5 25. Rc2 Nd7 26. Ba5 Rc8 27. Nf3 Qe6 28.
Nd2 c4 29. bxc4 Nc5 30. Qf3 d3 31. Rcc1 b4 32. Rcb1 b3 33. Bc3 Rd8 34. Qf5 Qxf5
35. Nxf5 f6 36. Nxh6 Kc7 37. Ng4 Rd6 38. Ne3 Kb8 39. Nd5 Rc6 40. Nxf6 Nxe4 41.
Nfxe4 Bd4 42. Bxd4 exd4 43. Rxb3 1-0

[Event "9. LGA Premium Cup 2012"]
[Site "Nürnberg"]
[Date "2012.09.09"]
[Round "7.27"]
[White "Reich, Thomas"]
[Black "Porth, Hartmut"]
[Result "1-0"]
[WhiteElo "2382"]
[BlackElo "2229"]
[PlyCount "99"]
[EventDate "2012.??.??"]
[WhiteTeam "FC Bayern München e.V."]
[BlackTeam "SV Bargteheide"]

1. d4 Nc6 2. Nf3 d5 3. e3 Bg4 4. h3 Bh5 5. c4 e6 6. Nc3 Bb4 7. a3 Bxc3+ 8. bxc3
Nge7 9. Rb1 Rb8 10. cxd5 exd5 11. c4 Bg6 12. Rb2 O-O 13. Bd2 Re8 14. Be2 dxc4
15. Bxc4 Nf5 16. O-O Nd6 17. Be2 Ne4 18. Qa4 Nxd2 19. Rxd2 a6 20. Rc1 b5 21.
Qb3 Be4 22. Rc5 Ne7 23. Ng5 Bd5 24. Qc2 Ng6 25. Bf3 c6 26. Bxd5 cxd5 27. Qf5 f6
28. Rxd5 Qc8 29. Rd7 Nf8 30. Qd5+ Re6 31. Rc2 Qxd7 32. Qxd7 Nxd7 33. Nxe6 Kf7
34. Nf4 Ke7 35. Kf1 Kd6 36. Ke2 Nb6 37. Nd3 a5 38. Nc5 f5 39. f3 Nd5 40. e4
fxe4 41. fxe4 Nb6 42. Kd3 a4 43. e5+ Ke7 44. Na6 Rf8 45. Nc7 Rb8 46. Rc5 b4 47.
axb4 Nd7 48. Ra5 Rc8 49. Nd5+ Ke6 50. Ra6+ 1-0

[Event "9. LGA Premium Cup 2012"]
[Site "Nürnberg"]
[Date "2012.09.09"]
[Round "7.29"]
[White "Mader, Manuela"]
[Black "Breutigam, Martin"]
[Result "0-1"]
[WhiteElo "2222"]
[BlackElo "2374"]
[PlyCount "46"]
[EventDate "2012.??.??"]
[WhiteTeam "SK 1926 Ettlingen"]
[BlackTeam "SK Union Oldenburg"]

1. e4 e5 2. Nf3 Nc6 3. Bb5 a6 4. Bxc6 dxc6 5. O-O Bg4 6. h3 Bh5 7. g4 Bg6 8.
Nxe5 Qh4 9. Qf3 f6 10. Nxg6 hxg6 11. Kg2 g5 12. Qg3 Qh7 13. d3 Bd6 14. f4 Ne7
15. Nc3 Ng6 16. e5 gxf4 17. Bxf4 Nxf4+ 18. Rxf4 Bxe5 19. Qe3 O-O-O 20. Rf3 Kb8
21. Rb1 Rde8 22. d4 Bg3 23. Rxg3 Rxe3 0-1

[Event "9. LGA Premium Cup 2012"]
[Site "Nürnberg"]
[Date "2012.09.09"]
[Round "7.32"]
[White "Siedentopf, Daniel"]
[Black "Seibold, Hubert"]
[Result "1-0"]
[WhiteElo "2310"]
[BlackElo "2195"]
[PlyCount "107"]
[EventDate "2012.??.??"]
[WhiteTeam "SG Grün-Weiß Dresden"]
[BlackTeam "SK Zirndorf e.V."]

1. d4 d5 2. c4 c6 3. Nf3 Nf6 4. e3 Bf5 5. Nc3 e6 6. Nh4 Bg4 7. Qb3 Qb6 8. h3
Bh5 9. g4 Bg6 10. Nxg6 hxg6 11. g5 Nfd7 12. e4 dxe4 13. Be3 Na6 14. Qc2 Qa5 15.
Bg2 Nb4 16. Qxe4 Qf5 17. O-O-O Qxe4 18. Bxe4 Rh4 19. Kb1 O-O-O 20. a3 Na6 21.
Bg2 Nc7 22. c5 f5 23. f4 Be7 24. Ne2 Nd5 25. Bxd5 exd5 26. Bf2 Rhh8 27. Rde1
Rde8 28. Nc1 Bd8 29. h4 Bc7 30. Nd3 Re4 31. Kc2 Nf8 32. Be3 Kd7 33. Nf2 Re8 34.
Kc3 Ne6 35. Nd3 Rh5 36. Rh3 Bxf4 37. Bxf4 Nxf4 38. Rxe8 Nxh3 39. Rg8 Rxh4 40.
Ne5+ Kc7 41. Rxg7+ Kc8 42. Rxg6 Nf2 43. Rg8+ Kc7 44. g6 Ne4+ 45. Kd3 Rh3+ 46.
Kc2 Rh2+ 47. Kb1 Nd2+ 48. Ka2 a5 49. Rg7+ Kb8 50. Rh7 Rg2 51. g7 Ka7 52. Nxc6+
Ka6 53. Ne7 Kb5 54. g8=Q 1-0

[Event "9. LGA Premium Cup 2012"]
[Site "Nürnberg"]
[Date "2012.09.09"]
[Round "7.33"]
[White "Kannenberg, Karl-Heinz"]
[Black "Heidrich, Manfred"]
[Result "1/2-1/2"]
[WhiteElo "2199"]
[BlackElo "2309"]
[PlyCount "63"]
[EventDate "2012.??.??"]
[WhiteTeam "SC Kitzingen von 1905"]
[BlackTeam "SC Forchheim e.V."]

1. d4 f5 2. Nf3 Nf6 3. e3 g6 4. Be2 Bg7 5. O-O O-O 6. c4 d6 7. Nc3 Qe8 8. b4 e5
9. a4 Nc6 10. b5 Nd8 11. Ba3 e4 12. Ne1 Nf7 13. Rc1 c6 14. Nc2 Qe7 15. Nb4 Bd7
16. a5 cxb5 17. cxb5 Rfc8 18. Ncd5 Nxd5 19. Nxd5 Qd8 20. Rxc8 Rxc8 21. b6 axb6
22. Nxb6 Rc7 23. Qb3 Bc6 24. Bc4 Bf6 25. Nd5 Bxd5 26. Bxd5 Rd7 27. Be6 Re7 28.
Rc1 Kg7 29. Bxf7 Rxf7 30. Qd5 Rd7 31. Rb1 Qg8 32. Qxg8+ 1/2-1/2

[Event "9. LGA Premium Cup 2012"]
[Site "Nürnberg"]
[Date "2012.09.09"]
[Round "7.34"]
[White "Maier, Alexander"]
[Black "Reis, Gerhard"]
[Result "1/2-1/2"]
[WhiteElo "2303"]
[BlackElo "2215"]
[PlyCount "23"]
[EventDate "2012.??.??"]
[WhiteTeam "SK Ingolstadt"]
[BlackTeam "SW Nürnberg Süd e.V."]

1. e4 c5 2. Nf3 e6 3. d3 Nc6 4. c3 d5 5. Qe2 Nf6 6. Nbd2 Be7 7. g3 b6 8. Qd1
O-O 9. Be2 Qc7 10. O-O Bb7 11. Re1 c4 12. exd5 1/2-1/2

[Event "9. LGA Premium Cup 2012"]
[Site "Nürnberg"]
[Date "2012.09.09"]
[Round "7.36"]
[White "Schellmann, Frank"]
[Black "Menacher, Manfred"]
[Result "1/2-1/2"]
[WhiteElo "2120"]
[BlackElo "2288"]
[PlyCount "31"]
[EventDate "2012.??.??"]
[WhiteTeam "Deutscher Blinden- und Sehbehind"]
[BlackTeam "TSV Wacker Neutraubling"]

1. e4 c5 2. c3 d6 3. d4 Nf6 4. Bd3 g6 5. Nf3 Bg7 6. O-O O-O 7. h3 Nc6 8. dxc5
dxc5 9. Qe2 Nd7 10. Be3 Qc7 11. a4 a6 12. Na3 b6 13. Nd2 Bb7 14. f4 Ncb8 15. e5
Rd8 16. Be4 1/2-1/2

[Event "9. LGA Premium Cup 2012"]
[Site "Nürnberg"]
[Date "2012.09.09"]
[Round "7.37"]
[White "Martin, Stefan"]
[Black "Holzhäuer, Mathias"]
[Result "1/2-1/2"]
[WhiteElo "2166"]
[BlackElo "2274"]
[PlyCount "153"]
[EventDate "2012.??.??"]
[WhiteTeam "SC 1934 Viernheim"]
[BlackTeam "SK Schmiden/Cannstatt"]

1. d4 Nf6 2. c4 Nc6 3. Nf3 e6 4. g3 d5 5. Bg2 dxc4 6. Qa4 Bb4+ 7. Bd2 Nd5 8.
Bxb4 Ndxb4 9. O-O Rb8 10. a3 b5 11. Qd1 Nd5 12. e4 Nf6 13. Nc3 O-O 14. e5 Nd7
15. h4 Ne7 16. Ne4 Bb7 17. Nfg5 h6 18. Nh3 c5 19. Nxc5 Bxg2 20. Kxg2 Nxc5 21.
dxc5 Qd5+ 22. Qxd5 Nxd5 23. b4 cxb3 24. Rab1 Nc3 25. Rxb3 Ne4 26. Rc1 Nd2 27.
Rd3 Nc4 28. Rd7 a6 29. Rcd1 Nxa3 30. Ra7 b4 31. Rxa6 Nc4 32. c6 Rfc8 33. Rd7
Nxe5 34. Rb7 Nc4 35. Raa7 Nd6 36. Rxb8 Rxb8 37. Rd7 Nc8 38. Rb7 Ra8 39. c7 Ra7
40. Rxb4 Rxc7 41. Rb8 Kf8 42. Nf4 Ke7 43. Nh5 g6 44. Nf4 Kf6 45. Nd3 Nd6 46.
Rd8 Nf5 47. Nf4 Ne7 48. Ra8 Rd7 49. Ne2 Nd5 50. Ra5 Rb7 51. Ra2 Rb4 52. Rd2 g5
53. hxg5+ hxg5 54. f3 g4 55. fxg4 Rxg4 56. Rd3 Ke5 57. Kf3 f5 58. Ra3 Rb4 59.
Rd3 Nb6 60. Re3+ Re4 61. Nc1 Rxe3+ 62. Kxe3 Nd5+ 63. Kf3 Kd4 64. Ne2+ Kd3 65.
Nc1+ Kd2 66. Nb3+ Kc3 67. Nc5 e5 68. Ke2 e4 69. g4 Kc4 70. Nd7 f4 71. g5 Ne7
72. Nf8 f3+ 73. Ke3 Nf5+ 74. Kf2 Kd3 75. Ne6 Nh4 76. Nf4+ Kd4 77. Ne6+ 1/2-1/2

[Event "9. LGA Premium Cup 2012"]
[Site "Nürnberg"]
[Date "2012.09.09"]
[Round "7.40"]
[White "Zwahr, Paul"]
[Black "Lodes, Hermann"]
[Result "1/2-1/2"]
[WhiteElo "2320"]
[BlackElo "2132"]
[PlyCount "75"]
[EventDate "2012.??.??"]
[WhiteTeam "SG Grün-Weiß Dresden"]
[BlackTeam "SF Burgsinn"]

1. e4 c6 2. d4 d5 3. Nc3 dxe4 4. Nxe4 Bf5 5. Ng3 Bg6 6. h4 h6 7. N1e2 e6 8. Nf4
Bh7 9. Bd3 Bxd3 10. Qxd3 Nf6 11. Bd2 Nbd7 12. O-O-O Qc7 13. Nfh5 O-O-O 14. Qf3
Nxh5 15. Nxh5 Nb6 16. Bf4 Qd7 17. Be5 f6 18. Bg3 Qd5 19. Qxd5 exd5 20. Rhe1 Kd7
21. Re2 Re8 22. Rde1 Rxe2 23. Rxe2 Nc8 24. f3 Rg8 25. Bf4 Be7 26. g4 g6 27. Ng3
Bd6 28. Bxd6 Nxd6 29. Kd2 Re8 30. b3 Rxe2+ 31. Nxe2 Ke7 32. Kd3 g5 33. h5 f5
34. c4 fxg4 35. fxg4 Ne4 36. Ke3 Kd6 37. Nc1 Nf6 38. c5+ 1/2-1/2

[Event "9. LGA Premium Cup 2012"]
[Site "Nürnberg"]
[Date "2012.09.09"]
[Round "7.41"]
[White "Nuber, Korbinian"]
[Black "Stein, Marco"]
[Result "1/2-1/2"]
[WhiteElo "2302"]
[BlackElo "2149"]
[PlyCount "32"]
[EventDate "2012.??.??"]
[WhiteTeam "SC Dillingen"]
[BlackTeam "SK Marktoberdorf"]

1. e4 c5 2. Nc3 a6 3. Nf3 e6 4. g3 b5 5. Bg2 Bb7 6. d3 Nf6 7. e5 Nd5 8. Ne4 Qc7
9. O-O Nc6 10. Re1 d6 11. c4 dxe5 12. cxd5 exd5 13. Nc3 O-O-O 14. Bd2 f6 15. a3
Kb8 16. Rc1 Qf7 1/2-1/2

[Event "9. LGA Premium Cup 2012"]
[Site "Nürnberg"]
[Date "2012.09.09"]
[Round "7.42"]
[White "Hecht, Carsten"]
[Black "Carow, Johannes"]
[Result "1/2-1/2"]
[WhiteElo "2094"]
[BlackElo "2245"]
[PlyCount "44"]
[EventDate "2012.??.??"]
[WhiteTeam "Schachklub Blauer Springer Pader"]
[BlackTeam "Sfr.Heidesheim"]

1. e4 c5 2. Nf3 e6 3. d4 cxd4 4. Nxd4 a6 5. Bd3 Bc5 6. Nb3 Be7 7. Be3 Nf6 8.
N1d2 Nc6 9. f4 d6 10. O-O e5 11. Nc4 Bg4 12. Be2 Bxe2 13. Qxe2 exf4 14. Rxf4
O-O 15. Bb6 Qc8 16. Rd1 Ne5 17. Nxe5 dxe5 18. Rf5 Qe6 19. Bc7 Nd7 20. Qd2 g6
21. Rf3 Nf6 22. Qc3 Nxe4 1/2-1/2

[Event "9. LGA Premium Cup 2012"]
[Site "Nürnberg"]
[Date "2012.09.09"]
[Round "7.44"]
[White "Kahlert, Thomas"]
[Black "Karasek, Christian"]
[Result "1-0"]
[WhiteElo "2229"]
[BlackElo "2108"]
[PlyCount "37"]
[EventDate "2012.??.??"]
[WhiteTeam "SK Norderstedt von 1975"]
[BlackTeam "SC Noris-Tarrasch Nürnberg 1873"]

1. c4 g6 2. e4 Bg7 3. d4 d6 4. Nc3 a6 5. Nf3 c6 6. Be2 b5 7. a3 Nd7 8. O-O Nb6
9. c5 dxc5 10. dxc5 Qxd1 11. Rxd1 Bxc3 12. cxb6 Bg7 13. a4 Rb8 14. Bf4 e5 15.
Nxe5 Rxb6 16. Be3 Bxe5 17. Bxb6 Bd7 18. axb5 axb5 19. Ra7 1-0

[Event "9. LGA Premium Cup 2012"]
[Site "Nürnberg"]
[Date "2012.09.09"]
[Round "7.45"]
[White "Troyke, Doreen"]
[Black "Wulfmeyer, Johannes"]
[Result "1/2-1/2"]
[WhiteElo "2100"]
[BlackElo "2226"]
[PlyCount "92"]
[EventDate "2012.??.??"]
[WhiteTeam "Erfurter Schachklub"]
[BlackTeam "SC Noris-Tarrasch Nürnberg 1873"]

1. c4 e5 2. g3 Nc6 3. Bg2 Bc5 4. Nc3 a6 5. e3 d6 6. Nge2 Ba7 7. O-O h5 8. d4 h4
9. b3 hxg3 10. hxg3 Bh3 11. dxe5 Qd7 12. Nf4 Bxg2 13. Kxg2 g5 14. e6 fxe6 15.
Nd3 O-O-O 16. Bb2 e5 17. Rh1 Nf6 18. a3 Ne7 19. Nb4 c6 20. Qe2 Nf5 21. Qd3 Ng4
22. Nc2 Rdf8 23. Ne4 d5 24. cxd5 cxd5 25. Qc3+ Kb8 26. Nf6 Nxf6 27. Qxe5+ Ka8
28. Rxh8 Rxh8 29. Qxf6 Rc8 30. Rc1 g4 31. Nd4 Rxc1 32. Bxc1 Bxd4 33. exd4 Nd6
34. Bf4 Ne4 35. Qf8+ Ka7 36. a4 a5 37. b4 axb4 38. Qxb4 b6 39. a5 bxa5 40.
Qxa5+ Kb7 41. Qb4+ Ka6 42. Qb8 Qf5 43. Qe5 Qd7 44. Qc7 Qf5 45. Qe5 Qd7 46. Qc7
Qf5 1/2-1/2

[Event "9. LGA Premium Cup 2012"]
[Site "Nürnberg"]
[Date "2012.09.09"]
[Round "7.47"]
[White "Krauseneck, Peter"]
[Black "Steinmüller, Alexander"]
[Result "1-0"]
[WhiteElo "2212"]
[BlackElo "2068"]
[PlyCount "113"]
[EventDate "2012.??.??"]
[WhiteTeam "SC 1868 Bamberg"]
[BlackTeam "SV Puschendorf 1949 e.V."]

1. e4 e6 2. d4 d5 3. Nc3 Bb4 4. e5 b6 5. Qg4 Bf8 6. f4 Ne7 7. Be3 h5 8. Qh3 Nf5
9. Bf2 Rh6 10. Bd3 Ne7 11. Qe3 Ba6 12. Nf3 Bxd3 13. Qxd3 Nf5 14. O-O h4 15. Nd1
Nc6 16. Ne3 Nce7 17. Ng4 Rh8 18. Ng5 Ng6 19. Be3 Qd7 20. c3 a6 21. a4 c5 22.
Rfb1 Be7 23. Nh3 Qc6 24. Bf2 c4 25. Qc2 Kd7 26. Ne3 Nh6 27. f5 exf5 28. Nxf5
Nxf5 29. Qxf5+ Qe6 30. Qf3 Kc6 31. b3 b5 32. Be3 Rhe8 33. Ng5 Bxg5 34. Bxg5 Rf8
35. bxc4 bxc4 36. Rb4 Kc7 37. Rf1 Rab8 38. Rxb8 Kxb8 39. Qf2 Qd7 40. Qb2+ Ka8
41. Rb1 Qc7 42. Qc2 Re8 43. Qf5 Nh8 44. Bxh4 Re6 45. Bg3 Qe7 46. Qh7 Qf8 47.
Qc2 Qa3 48. h4 Ng6 49. Kh2 Ne7 50. Qh7 Ng6 51. Qxg7 Qf8 52. Qxf8+ Nxf8 53. Rf1
Re7 54. Bf4 Ka7 55. Bc1 Nh7 56. Ba3 Rb7 57. Bc5+ 1-0

[Event "9. LGA Premium Cup 2012"]
[Site "Nürnberg"]
[Date "2012.09.09"]
[Round "7.48"]
[White "Carow, Annelen"]
[Black "Osmanodja, Filiz"]
[Result "0-1"]
[WhiteElo "1968"]
[BlackElo "2198"]
[PlyCount "50"]
[EventDate "2012.??.??"]
[WhiteTeam "Sfr.Heidesheim"]
[BlackTeam "USV TU Dresden"]

1. d4 Nf6 2. c4 e6 3. Nc3 Bb4 4. Qc2 O-O 5. a3 Bxc3+ 6. Qxc3 b6 7. Bg5 Bb7 8.
e3 d6 9. Ne2 Nbd7 10. Qc2 Rc8 11. Nc3 a6 12. f3 c5 13. dxc5 Rxc5 14. Bf4 e5 15.
b4 Rc8 16. Bg5 d5 17. cxd5 Qc7 18. Rc1 Nxd5 19. Kd2 Qd6 20. Qd3 Qe6 21. Nxd5
Bxd5 22. Rxc8 Rxc8 23. Qb1 Ba2 24. Qe4 Qb3 25. Bd3 Qc3+ 0-1

[Event "9. LGA Premium Cup 2012"]
[Site "Nürnberg"]
[Date "2012.09.09"]
[Round "7.49"]
[White "Welz, Thomas"]
[Black "Stein, Tobias"]
[Result "1-0"]
[WhiteElo "2204"]
[BlackElo "2036"]
[PlyCount "107"]
[EventDate "2012.??.??"]
[WhiteTeam "SC Eppingen"]
[BlackTeam "SV Alsfeld"]

1. Nf3 d6 2. d4 Nf6 3. c4 g6 4. Nc3 Bg7 5. g3 O-O 6. Bg2 c5 7. O-O Nc6 8. d5
Na5 9. Qd3 a6 10. e4 Rb8 11. Re1 b5 12. cxb5 axb5 13. e5 Ng4 14. exd6 exd6 15.
Bg5 Qb6 16. h3 Ne5 17. Nxe5 Bxe5 18. Rxe5 dxe5 19. Be7 Re8 20. d6 Rxe7 21. dxe7
Bf5 22. Qxb5 Qxb5 23. Nxb5 Re8 24. Rc1 c4 25. Nd6 Rxe7 26. Nxc4 Rc7 27. b3 Bd3
28. Bf1 e4 29. Bxd3 exd3 30. Rd1 Nxc4 31. bxc4 Rxc4 32. Rxd3 Ra4 33. a3 h5 34.
Kf1 Kg7 35. Ke2 Kf6 36. Kd2 Ke5 37. Kc2 h4 38. Kb3 Re4 39. gxh4 Rxh4 40. a4 Rf4
41. f3 Rh4 42. a5 Ke6 43. a6 Rxh3 44. Kb4 g5 45. Rd8 Rh1 46. a7 Ra1 47. a8=Q
Rxa8 48. Rxa8 Ke5 49. Rf8 f5 50. Kc3 Kf4 51. Kd2 Kxf3 52. Rxf5+ Kg4 53. Rd5 Kh4
54. Ke2 1-0

[Event "9. LGA Premium Cup 2012"]
[Site "Nürnberg"]
[Date "2012.09.09"]
[Round "7.51"]
[White "Mann, Johannes"]
[Black "Nuding, Matthias"]
[Result "1/2-1/2"]
[WhiteElo "1869"]
[BlackElo "2182"]
[PlyCount "37"]
[EventDate "2012.??.??"]
[WhiteTeam "SC Forchheim e.V."]
[BlackTeam "SC Noris-Tarrasch Nürnberg 1873"]

1. e4 c5 2. Nc3 d6 3. g3 Nc6 4. Bg2 g6 5. d3 Bg7 6. f4 e6 7. Nf3 Nge7 8. O-O
O-O 9. Be3 b6 10. d4 Ba6 11. Re1 d5 12. exd5 exd5 13. dxc5 Rc8 14. Nd4 Nxd4 15.
Bxd4 Bxd4+ 16. Qxd4 Rxc5 17. Rad1 Nf5 18. Qa4 Ra5 19. Qc6 1/2-1/2

[Event "9. LGA Premium Cup 2012"]
[Site "Nürnberg"]
[Date "2012.09.09"]
[Round "7.52"]
[White "Eisenbeiser, Amadeus"]
[Black "Zahn, Alina"]
[Result "1-0"]
[WhiteElo "2378"]
[BlackElo "1884"]
[PlyCount "52"]
[EventDate "2012.??.??"]
[WhiteTeam "BG Buchen"]
[BlackTeam "SV Empor Erfurt"]

1. e4 e5 2. Nf3 Nc6 3. Bc4 Bc5 4. d3 Nf6 5. O-O O-O 6. Re1 h6 7. c3 d5 8. exd5
Nxd5 9. b4 Be7 10. Nxe5 Nxe5 11. Rxe5 Nb6 12. Bb3 Bf6 13. Re1 Bf5 14. d4 Qd7
15. Bf4 Rfe8 16. Na3 c6 17. Qf3 Nd5 18. Bd2 b6 19. Nc4 Rad8 20. h3 Bg6 21. Rad1
Qc7 22. Nb2 Qb7 23. Nd3 Nc7 24. Nf4 Bh7 25. Nh5 Nd5 26. Bxd5 cxd5 1-0

[Event "9. LGA Premium Cup 2012"]
[Site "Nürnberg"]
[Date "2012.09.09"]
[Round "7.53"]
[White "Nabavi, Parwis"]
[Black "Reimold, Jonas"]
[Result "0-1"]
[WhiteElo "2181"]
[BlackElo "2046"]
[PlyCount "120"]
[EventDate "2012.??.??"]
[WhiteTeam "SGEM Dreisamtal"]
[BlackTeam "SC Eppingen"]

1. d4 f5 2. g3 Nf6 3. Bg2 g6 4. Nf3 Bg7 5. O-O O-O 6. c4 d6 7. Nc3 Qe8 8. d5 a5
9. Nd4 Na6 10. e4 Nxe4 11. Nxe4 fxe4 12. Bxe4 Bh3 13. Re1 Nc5 14. Bh1 Qf7 15.
Be3 Bh6 16. Qd2 Bg7 17. Rab1 a4 18. b4 axb3 19. axb3 Ra3 20. b4 Nd3 21. Re2 Ne5
22. Rc1 Rd3 23. Qc2 Rxd4 24. Bxd4 Nf3+ 25. Bxf3 Qxf3 26. Qe4 Bxd4 27. Qxf3 Rxf3
28. Rd1 Bb6 29. Rc2 Bf5 30. Rcc1 Rd3 31. Kf1 Bh3+ 32. Ke1 Rb3 33. Rb1 Rxb1 34.
Rxb1 Bd4 35. Rb3 Bf5 36. Ke2 e6 37. f3 exd5 38. cxd5 Kf7 39. g4 Bd7 40. b5 Kf6
41. Kd3 Ke5 42. Kc4 Bc5 43. Rb1 Kf4 44. Re1 Be3 45. Rf1 Be8 46. h3 g5 47. Rh1
Kxf3 48. h4 Kxg4 49. Re1 Kf3 50. hxg5 Bg6 51. Ra1 Kf4 52. Ra8 Kxg5 53. Rb8 b6
54. Rc8 h5 55. Rxc7 h4 56. Re7 Bc5 57. Rg7 h3 58. Rg8 h2 59. Rh8 Bh5 60. Rg8+
Kh4 0-1

[Event "9. LGA Premium Cup 2012"]
[Site "Nürnberg"]
[Date "2012.09.09"]
[Round "7.54"]
[White "Liepold, Stefan"]
[Black "Klyszcz, Michael"]
[Result "1-0"]
[WhiteElo "2161"]
[BlackElo "2023"]
[PlyCount "71"]
[EventDate "2012.??.??"]
[WhiteTeam "SC Erlangen 48/88 e.V."]
[BlackTeam "SG 1871 Löberitz"]

1. e4 e6 2. d4 d5 3. e5 c5 4. c3 Nc6 5. Nf3 Qb6 6. a3 a5 7. Bd3 Bd7 8. O-O Nh6
9. Bc2 a4 10. Re1 c4 11. Bxa4 Nxe5 12. Nxe5 Bxa4 13. Qh5 g6 14. Qf3 O-O-O 15.
Nxf7 Nxf7 16. Qxf7 Bd6 17. Nd2 Bd7 18. Nf3 Rdf8 19. Qg7 Rhg8 20. Qh6 Rf5 21.
Qxh7 Qd8 22. Ne5 Bxe5 23. Rxe5 Qe8 24. Rxf5 exf5 25. Bf4 Qe6 26. Be5 g5 27. a4
Rg6 28. a5 Rh6 29. Qg7 Rg6 30. Qf8+ Qe8 31. Qc5+ Bc6 32. a6 bxa6 33. Rxa6 Kd8
34. Ra7 Qe6 35. Qb6+ Ke8 36. Qb8+ 1-0

[Event "9. LGA Premium Cup 2012"]
[Site "Nürnberg"]
[Date "2012.09.09"]
[Round "7.55"]
[White "Luther, Helmut"]
[Black "Zier, Oliver"]
[Result "1/2-1/2"]
[WhiteElo "2017"]
[BlackElo "2154"]
[PlyCount "45"]
[EventDate "2012.??.??"]
[WhiteTeam "SW Nürnberg Süd e.V."]
[BlackTeam "TSV Bindlach Aktionär-Schachabte"]

1. d4 d5 2. Nf3 Nf6 3. g3 e6 4. Bg2 Be7 5. O-O O-O 6. c4 dxc4 7. Ne5 Nc6 8.
Nxc6 bxc6 9. Bxc6 Rb8 10. Bg2 Bb7 11. e3 c5 12. Bxb7 Rxb7 13. dxc5 Qc7 14. Qc2
Qxc5 15. Nd2 Ng4 16. Nxc4 Rd7 17. b3 Bf6 18. Rb1 Ne5 19. Ba3 Nf3+ 20. Kg2 Qc6
21. e4 Nd4 22. Qd3 Rfd8 23. Rbd1 1/2-1/2

[Event "9. LGA Premium Cup 2012"]
[Site "Nürnberg"]
[Date "2012.09.09"]
[Round "7.56"]
[White "Schlötterer, Hermann"]
[Black "Kotz, Reinhard"]
[Result "0-1"]
[WhiteElo "1933"]
[BlackElo "2153"]
[PlyCount "86"]
[EventDate "2012.??.??"]
[WhiteTeam "Spvg Zabo-Eintracht Nürnberg e.V"]
[BlackTeam "SV Puschendorf 1949 e.V."]

1. d4 Nf6 2. g3 g6 3. Bg2 c5 4. Nf3 Bg7 5. O-O O-O 6. c3 Qc7 7. Re1 d6 8. e4 e6
9. Na3 a6 10. e5 dxe5 11. dxc5 e4 12. Ng5 Qxc5 13. Nxe4 Nxe4 14. Bxe4 Qc7 15.
Bf4 e5 16. Bg5 f6 17. Be3 Nc6 18. Qb3+ Kh8 19. Bb6 Qe7 20. Bd5 f5 21. f3 h5 22.
Nc2 Qg5 23. Re2 f4 24. Kh1 Ne7 25. gxf4 Qxf4 26. Be3 Qh4 27. Rg1 Nxd5 28. Qxd5
Qf6 29. Reg2 Bf5 30. Bg5 Qe6 31. Qd2 Qc6 32. Ne1 e4 33. Bh6 exf3 34. Bxg7+ Kxg7
35. Rf2 Rae8 36. Qg5 Re2 37. Rgf1 Qe4 38. Nxf3 Rxf2 39. Rxf2 Bg4 40. Kg1 Bxf3
41. Qc5 Rf5 42. Qc7+ Kh6 43. h3 Qe1+ 0-1

[Event "9. LGA Premium Cup 2012"]
[Site "Nürnberg"]
[Date "2012.09.09"]
[Round "7.57"]
[White "Mihok, Laszlo"]
[Black "Bingert, Tim Niklas"]
[Result "1/2-1/2"]
[WhiteElo "2141"]
[BlackElo "1931"]
[PlyCount "82"]
[EventDate "2012.??.??"]
[WhiteTeam "SK Tempelhof 1931 e.V."]
[BlackTeam "SK Langen"]

1. d4 d5 2. c4 e6 3. Nc3 Be7 4. Nf3 Nf6 5. Bg5 h6 6. Bh4 O-O 7. e3 b6 8. cxd5
Nxd5 9. Bxe7 Qxe7 10. Rc1 Bb7 11. Bd3 c5 12. Nxd5 Bxd5 13. dxc5 bxc5 14. b3 Rc8
15. O-O a5 16. e4 Bb7 17. Rc3 Nd7 18. a4 Rab8 19. Qe2 Bc6 20. Rfc1 Rb4 21. h3
Rcb8 22. Bc4 Nb6 23. Ne5 Bb7 24. Nd3 Nxc4 25. Nxb4 cxb4 26. Rxc4 Ba6 27. Qh5
Bxc4 28. Rxc4 e5 29. Qe2 Rd8 30. Qe3 Qd6 31. Kh2 Qd2 32. Rc8 Kh7 33. Rc5 Qxe3
34. fxe3 Rd3 35. Rxa5 Rxe3 36. Rxe5 Rxb3 37. Rb5 Rb1 38. Kg3 b3 39. h4 Ra1 40.
Rxb3 Rxa4 41. Kf4 h5 1/2-1/2

[Event "9. LGA Premium Cup 2012"]
[Site "Nürnberg"]
[Date "2012.09.09"]
[Round "7.58"]
[White "Wolter, Jens"]
[Black "Frey, Alisa"]
[Result "0-1"]
[WhiteElo "2102"]
[BlackElo "2005"]
[PlyCount "108"]
[EventDate "2012.??.??"]
[WhiteTeam "SC Garching 1980 e.V."]
[BlackTeam "SC Eppingen"]

1. e4 e5 2. Nf3 Nc6 3. Bb5 a6 4. Bxc6 dxc6 5. O-O Qd6 6. Na3 Be6 7. Qe2 f6 8.
Nc4 Qd7 9. d3 O-O-O 10. Be3 g5 11. Rfb1 h5 12. b4 h4 13. a4 c5 14. b5 Bxc4 15.
dxc4 a5 16. b6 g4 17. Ne1 Qe6 18. bxc7 Kxc7 19. Rb5 b6 20. Rab1 Nh6 21. Nd3 Rb8
22. Qd2 Qxc4 23. Bxc5 Bxc5 24. Nxc5 Rbd8 25. Na6+ Kc8 26. Qe3 Qxc2 27. Re1 Rd1
28. Rxb6 Rxe1+ 29. Qxe1 Rd8 30. Rb8+ Kd7 31. Rxd8+ Kxd8 32. Qxa5+ Ke8 33. Qb5+
Kf7 34. a5 Qxe4 35. Qf1 Qd5 36. Nc7 Qxa5 37. Qc4+ Kg6 38. h3 Qe1+ 39. Qf1 Qxf1+
40. Kxf1 gxh3 41. gxh3 Kf5 42. Nd5 Nf7 43. Kg2 Nd6 44. Ne7+ Kg5 45. Kf3 e4+ 46.
Kg2 Nc4 47. Nd5 Ne5 48. Nc3 f5 49. Nd5 f4 50. Nc3 Kf5 51. Nd5 Nd3 52. Ne7+ Kg5
53. Nd5 f3+ 54. Kg1 Nf4 0-1

[Event "9. LGA Premium Cup 2012"]
[Site "Nürnberg"]
[Date "2012.09.09"]
[Round "7.59"]
[White "Schubert, Dieter"]
[Black "Hartmann, Thomas"]
[Result "0-1"]
[WhiteElo "2094"]
[BlackElo "2005"]
[PlyCount "92"]
[EventDate "2012.??.??"]
[WhiteTeam "SV Puschendorf 1949 e.V."]
[BlackTeam "SC Weisse Dame Ulm e.V."]

1. d4 Nf6 2. c4 e6 3. Nc3 Bb4 4. f3 d5 5. a3 Bxc3+ 6. bxc3 O-O 7. cxd5 exd5 8.
e3 b6 9. Bd3 Ba6 10. Bxa6 Nxa6 11. Qd3 Qc8 12. Ne2 c5 13. O-O Qb7 14. Ng3 Rfe8
15. Re1 Rad8 16. Ra2 Nc7 17. Rae2 Ne6 18. Nf5 Qd7 19. g4 Ng5 20. Rf1 g6 21. Ng3
Qd6 22. Qd1 cxd4 23. cxd4 Rc8 24. Kg2 Ne6 25. h4 h6 26. Ref2 Rc3 27. Ne2 Rc4
28. Bb2 Rec8 29. Ng3 Qc7 30. Rd2 Kg7 31. f4 Kh7 32. f5 gxf5 33. Rxf5 Ne4 34.
Nxe4 dxe4 35. d5 Ng7 36. d6 Nxf5 37. gxf5 Qd7 38. Rf2 Rd8 39. Qd5 Rc5 40. Qd4
Rg8+ 41. Kh1 Rc6 42. Rg2 f6 43. Qxf6 Rxd6 44. Qe5 Rd1+ 45. Kh2 Rxg2+ 46. Kxg2
Qd2+ 0-1

[Event "9. LGA Premium Cup 2012"]
[Site "Nürnberg"]
[Date "2012.09.09"]
[Round "7.60"]
[White "Adler, Herbert"]
[Black "Krah, Michael"]
[Result "1/2-1/2"]
[WhiteElo "2011"]
[BlackElo "2091"]
[PlyCount "23"]
[EventDate "2012.??.??"]
[WhiteTeam "SG Büchenbach/Roth e.V."]
[BlackTeam "SV Alsfeld"]

1. d4 d6 2. g3 Nf6 3. Bg2 g6 4. Nf3 Bg7 5. c4 O-O 6. O-O c6 7. Nc3 Qc7 8. h3
Nbd7 9. e4 c5 10. d5 a6 11. Be3 b5 12. Nd2 1/2-1/2